| 000 | 02932cam a22005774i 4500 | ||
|---|---|---|---|
| 003 | PE-LiUPU | ||
| 005 | 20250731170441.0 | ||
| 008 | 150706s r 000 0 d | ||
| 020 | _a9789682459603 | ||
| 035 | _a(Sirsi) i9789682459603 | ||
| 040 |
_aPE-LiUPU _bspa _cPE-LiUPU _erda |
||
| 049 | _aPRUA | ||
| 082 | 0 | 4 |
_a174.2 _bG245b _221 |
| 100 | 1 |
_aGarza Garza, Raúl, _eautor. |
|
| 245 | 1 | 0 |
_aBioética : _bla toma de decisiones en situaciones difíciles / _cRaúl Garza Garza. |
| 264 | 1 |
_aMéxico : _bTrillas, _c2000 (reimp. 2008). |
|
| 300 |
_a345 páginas : _bilustraciones ; _c25 cm. |
||
| 336 |
_atext _2rdacontent |
||
| 337 |
_aunmediated _2rdamedia |
||
| 338 |
_avolume _2rdacarrier |
||
| 504 | _aIncluye bibliografía al final de cada capítulo e índice. | ||
| 505 | 0 | _aBioética general -- La antropología y la filosofía moral -- La persona humana -- La dignidad de la persona humana -- La conciencia de la persona humana -- La ética de la vida humana y de la persona -- Ética, deontología y bioética -- La bioética y la persona humana -- La ética filosófica y la bioética -- Bioética especial -- La bioética en la atención médica -- Identidad y estatuto antropológico del embrión humano -- La moralidad en el aborto -- La bioética y el diagnóstico prenatal -- La medicina fetal y la anencefalia -- La manipulación genética -- La eugenesia y el consejo genético -- La bioética y la reproducción humana -- Valoración moral de las técnicas y sistemas de reproducción asistida -- El control de la natalidad: anticoncepción y esterilización -- Ética fundamental de la muerte humana -- Bioética y eutanasia en perinatología -- La muerte clínica y el diagnóstico neurológico de muerte -- La bioética y el trasplante de órganos -- La bioética y la tecnología -- La experimentación humana en biomedicina -- Comités hospitalarios de bioética -- Bioética y educación para la salud. | |
| 526 | _aSEG68 | ||
| 526 | _aSEG70 | ||
| 526 | _aSEG69 | ||
| 526 | _aSEG67 | ||
| 526 | _aSEG43 | ||
| 526 | _aP144 | ||
| 526 | _aP143 | ||
| 526 | _aP131 | ||
| 526 | _aP122 | ||
| 526 | _aP120 | ||
| 526 | _aP117 | ||
| 526 | _aP112 | ||
| 526 | _aP110 | ||
| 526 | _aP106 | ||
| 526 | _aP101 | ||
| 526 | _aP80 | ||
| 526 | _aP59 | ||
| 526 | _aP54 | ||
| 526 | _aP35 | ||
| 526 | _aP33 | ||
| 526 | _aP30 | ||
| 650 | 0 | 4 | _aBioética. |
| 910 | _agl | ||
| 942 |
_2ddc _cBOOK |
||
| 949 |
_a174.2 G25 _wDEWEY _c1 _i69119 _d2016-5-22 _e2016-5-20 _lCCODEBUL1 _mBUL _n3 _p33.00 _r0 _sY _tBOOK _u2015-7-6 _xINGENIERIA _0COMPRA _o.STAFF. Colección General |
||
| 949 |
_aPGS 174.2 G25 _wDEWEY _c1 _i56818 _lCCODEBUL1 _mBUL _r0 _sY _tBOOK _u2015-6-25 _xSALUD _0COMPRA _o.CIRCNOTE. No olvidar cambiar la fecha de devolución!!!!!!! _o.STAFF. Colección General |
||
| 999 |
_c45953 _d45953 |
||
| 980 |
_81 _gALBERTO SANCHEZ Responsable de Automatización |
||